|
|
|
|
| LEADER |
01444nam a2200445 a 4500 |
| 001 |
nkc20071719525 |
| 003 |
CZ PrNK |
| 005 |
20070821092659.0 |
| 007 |
ta |
| 008 |
070514s2007 xr abe g f 001 0 cze |
| 015 |
|
|
|a cnb001719525
|
| 020 |
|
|
|a 978-80-7236-567-8
|q (brož.)
|
| 035 |
|
|
|a (OCoLC)187296300
|
| 040 |
|
|
|a BOA001
|b cze
|
| 041 |
1 |
|
|a cze
|h ger
|
| 043 |
|
|
|a e-fr---
|
| 072 |
|
7 |
|a 913(4)
|x Geografie Evropy, reálie, cestování
|2 Konspekt
|9 7
|
| 080 |
|
|
|a 913(44)
|2 MRF
|
| 080 |
|
|
|a (036)913
|2 MRF
|
| 100 |
1 |
|
|a Buddée, Gisela,
|d 1944-
|7 jn20020716606
|4 aut
|
| 245 |
1 |
0 |
|a Azurové pobřeží /
|c Gisela Buddée
|
| 250 |
|
|
|a České vyd. 2., aktualiz.
|
| 260 |
|
|
|a Praha :
|b Jan Vašut,
|c 2007
|
| 300 |
|
|
|a 128 s. :
|b barev. il., mapy, plány ;
|c 19 cm
|
| 490 |
1 |
|
|a Merian live! ;
|v 60
|
| 500 |
|
|
|a Přeloženo z němčiny
|
| 500 |
|
|
|a Česko-francouzský slovníček
|
| 500 |
|
|
|a Chronologický přehled
|
| 500 |
|
|
|a Obsahuje rejstříky
|
| 655 |
|
7 |
|a turistické průvodce
|7 fd133738
|2 czenas
|
| 655 |
|
9 |
|a tourist guidebooks
|2 eczenas
|
| 651 |
|
7 |
|a Azurové pobřeží (Francie)
|7 ge128391
|2 czenas
|
| 651 |
|
9 |
|a Côte d'Azur (France)
|2 eczenas
|
| 765 |
0 |
|
|t Côte d'Azur
|9 Česky
|
| 830 |
|
0 |
|a Merian live!
|0 s
|
| 910 |
2 |
|
|a BOA001
|b 1-1187.151
|
| 990 |
|
|
|a BK
|
| 995 |
|
|
|a 01
|
| 991 |
|
|
|b 200706
|c NOV
|
| 996 |
6 |
|
|b 2610312330
|c 1-1187.151
|l MZK
|r Sklad / do 1 hodiny
|n 10
|p p.v.
|w 000852129
|u 000010
|a 1
|e BOA001
|j MZK50
|s P
|